000 00346nam a2200145Ia 4500
008 221030s9999 xx 000 0 und d
041 _aEnglish
082 _a105.23
_bPog
100 _aD. Poghe
245 0 _aMacs for Dummies
_cby D. Poghe
260 _bComdex Computers
_aNew Delhi
_c1993
300 _a336
650 _aBE Computer
942 _cBK
999 _c2268
_d2268